000 00881nam a2200205 i 4500
001 163844
003 ES-MaACL
005 20250809035228.0
008 980624s1878 sp |||| | spa d
080 _a343.24(460)
080 _a343(460)
100 1 _aRodriguez y Domingo, José B.
_9131932
245 1 4 _aLas penas personales, su aplicación práctica segun el Código Penal y las sentencias del Tribunal Supremo /
_cpor José B. Rodríguez y Domingo.
260 _aMadrid :
_b[s.n.],
_c1878 (
_fImp. de la Compañía de Impresores y Libreros, a cargo de A. Avrial)
300 _a196 p. ;
_c22 cm.
650 0 4 _aPenas-
_zEspaña.
_915918
650 0 4 _aDerecho penal-
_zEspaña
_911752
852 _aES-MaACL
_jD-260(3)
_z.- Enc. en un vol. facticio, formando parte de la col. facticia "Estudios penitenciarios", n. 6
_z.- Donativo Lastres
999 _c163844
_d163844